Principles of multimedia database systems (Record no. 285)

MARC details
000 -LEADER
Fixed length control field 00482nam a2200181 4500
003 - CONTROL NUMBER IDENTIFIER
Control field SEACOMMC
005 - DATE AND TIME OF LATEST TRANSACTION
Control field 20231102044312.0
008 - FIXED-LENGTH DATA ELEMENTS--GENERAL INFORMATION
Fixed length control field 231102b |||||||| |||| 00| 0 eng d
020 ## - INTERNATIONAL STANDARD BOOK NUMBER / ISBN
Price Rs. 225.00
040 ## - CATALOGING SOURCE
Original cataloging agency SEACOMMC
082 ## - DEWEY DECIMAL CLASSIFICATION NUMBER
Classification number 006.7
Book Number SUB
100 1# - MAIN ENTRY--PERSONAL NAME
Personal name Subrahamnian, V.S.
245 1# - TITLE STATEMENT
Title Principles of multimedia database systems
Statement of responsibility V.S. Subrahamnian
260 ## - IMPRINT
Place of publication Harcourt India
Name of publisher New Delhi
Date of publication 2001
650 ## - SUBJECT ADDED ENTRY--TOPICAL TERM
Topical term Computer science
650 ## - SUBJECT ADDED ENTRY--TOPICAL TERM
Topical term Multimedia systems
942 ## - ADDED ENTRY ELEMENTS (KOHA)
Koha item type Books
Holdings
Withdrawn status Lost status Source of classification Damaged status Not for loan Home library Current library Date acquired Total Checkouts Call number Accession number Date last seen Price effective from Koha item type
    Dewey Decimal Classification     SEACOM MANAGEMENT COLLEGE SEACOM MANAGEMENT COLLEGE 07/09/2006   006.7 SUB 05458 02/11/2023 02/11/2023 Books
© Seacom Engineering College, All rights reserved.    Powered by Koha